La segunda servidumbre en Europa central y oriental / (Record no. 140298)

MARC details
000 -LEADER
campo de control de longitud fija 00980nam a2200277 i 4500
001 - NÚMERO DE CONTROL
campo de control 140298
003 - IDENTIFICADOR DE NÚMERO DE CONTROL
campo de control ES-MaACL
005 - FECHA Y HORA DE LA ÚLTIMA TRANSACCIÓN
campo de control 20251204190900.0
007 - CAMPO FIJO DE DESCRIPCIÓN FÍSICA--INFORMACIÓN GENERAL
campo de control de longitud fija t|
008 - DATOS DE LONGITUD FIJA--INFORMACIÓN GENERAL
campo de control de longitud fija 070214s1980 sp |||| | spa d
080 ## - NÚMERO DE LA CLASIFICACIÓN DECIMAL UNIVERSAL
Número de la Clasificación Decimal Universal 330.342.13(4-1)(091)
245 03 - MENCIÓN DEL TÍTULO
Título La segunda servidumbre en Europa central y oriental /
Mención de responsabilidad, etc. S. D. Skazkin, Jerzy Topolski, Johannes Nichtweiss ... [et al.] ; traducción, C. Taibo.
260 ## - PUBLICACIÓN, DISTRIBUCIÓN, ETC.
Lugar de publicación, distribución, etc. Madrid :
Nombre del editor, distribuidor, etc. Akal,
Fecha de publicación, distribución, etc. 1980.
300 ## - DESCRIPCIÓN FÍSICA
Extensión 235 p. ;
Dimensiones 22 cm.
490 1# - MENCIÓN DE SERIE
Mención de serie Akal Universitaria. Historia medieval ;
Designación de volumen o secuencia 4
504 ## - NOTA DE BIBLIOGRAFÍA, ETC.
Nota de bibliografía, etc. Referencias bibliográficas.
594 ## - Nota al título y mención de responsabilidad
Nota al título y mención de responsabilidad Prólogo, Carlos Estepa.
650 #7 - PUNTO DE ACCESO ADICIONAL DE MATERIA--TÉRMINO DE MATERIA
Término de materia o nombre geográfico como elemento de entrada Feudalismo
Fuente del encabezamiento o término embne
9 (RLIN) 12768
651 #4 - PUNTO DE ACCESO ADICIONAL DE MATERIA--NOMBRE GEOGRÁFICO
Nombre geográfico Europa-
Subdivisión general Historia-
Subdivisión cronológica 0476-1492.
9 (RLIN) 160435
700 1# - ENTRADA AGREGADA--NOMBRE PERSONAL
Nombre de persona Skazkin, S. D.
9 (RLIN) 106739
700 1# - ENTRADA AGREGADA--NOMBRE PERSONAL
Nombre de persona Taibo, Carlos,
Fechas asociadas al nombre 1965-
9 (RLIN) 242581
700 1# - ENTRADA AGREGADA--NOMBRE PERSONAL
Nombre de persona Estepa Díez, Carlos.
9 (RLIN) 48111
830 00 - PUNTO DE ACCESO ADICIONAL DE SERIE-TÍTULO UNIFORME
Título uniforme Akal universitaria.
Nombre de parte o sección de la obra Historia medieval
Designación de volumen o secuencia 4
9 (RLIN) 187171
852 ## - LOCALIZACIÓN
Ubicación ES-MaACL
Número de control de estantería L-430
Holdings
Estatus retirado Estado de pérdida Estado de daño No para préstamo Biblioteca de origen Biblioteca actual Ubicación en estantería Fecha de adquisición Fuente de adquisición Total de préstamos Signatura topográfica completa Código de barras Visto por última vez Precio de reemplazo Tipo de ítem Koha
        Biblioteca del Ateneo de Madrid Biblioteca del Ateneo de Madrid Depósito 2 17/01/2008     L-430 1145997 23/02/2023 23/02/2023 Libro impreso